00000000cam 2200000zi 4500
0019.962684
003CaOODSP
00520260508140912
006m     o  d f      
007cr cn|||||||||
008260508e202604##onca    ob   f000 0 fre d
040 |aCaOODSP|bfre|erda|cCaOODSP
043 |an-cn---
0861 |aXC50-1/1-451-3F-PDF
1101 |aCanada. |bParlement. |bChambre des communes. |bComité permanent de l'environnement et du développement durable, |eauteur, |eorganisme de publication.
24513|aLe Plan de réduction des émissions pour 2030 du Canada : |bla politique climatique fédérale à la croisée des chemins : rapport du Comité permanent de l'environnement et du développement durable / |cla présidente, Shannon Miedema.
24613|aPlan de réduction des émissions pour 2030 du Canada : |bla politique climatique fédérale à la croisée des chemins
264 1|a[Ottawa] : |bChambre des communes, Canada = House of Commons, Canada, |cavril 2026.
300 |a1 ressource en ligne (viii, 80 pages) : |billustrations en couleur.
336 |atexte|btxt|2rdacontent/fre
337 |ainformatique|bc|2rdamedia/fre
338 |aressource en ligne|bcr|2rdacarrier/fre
4901 |aRapport du Comité permanent l'environnement et du développement durable ; |v3e rapport, 45e législature, 1re session
500 |aPublié aussi en anglais sous le titre : Canada's 2030 Emissions Reduction Plan: federal climate policy at a crossroads: report of the Standing Committee on Environment and Sustainable Development.
500 |aDate originale de publication : 2026/04/30. Republié : 2026/05/07.
500 |a« 45e législature, 1re session. »
500 |a« Troisième rapport » -- Page v.
504 |aComprend des références bibliographiques.
520 |a« Le 18 septembre 2025, le Comité permanent de l'environnement et du développement durable (le Comité) de la Chambre des communes a adopté la motion suivante : [S]ur l'efficacité, les améliorations possibles et la capacité du Plan de réduction des émissions pour 2030 du Canada à atteindre les cibles de lutte aux changements climatiques conformément à ses engagements envers l'Accord de Paris1 Le Comité a recueilli des témoignages lors de sept séances, entre le 2 octobre 2025 et le 30 octobre 2025, et il a reçu 24 mémoires. On trouvera dans le présent rapport un résumé des témoignages que le Comité a entendus ainsi que des recommandations au gouvernement du Canada fondées sur les renseignements recueillis par le Comité. … » -- Introduction, page 9.
650 6|aGaz à effet de serre|xRéduction|xPolitique gouvernementale|zCanada.
650 6|aGaz carbonique|xRéduction|xPolitique gouvernementale|zCanada.
650 6|aClimat|xChangements|xAtténuation|xPolitique gouvernementale|zCanada.
7001 |aMiedema, Shannon.
77508|tCanada's 2030 Emissions Reduction Plan : |w(CaOODSP)9.962683
830#0|aRapport du Comité permanent de l'environnement et du développement durable ;|v3e rapport, 45e législature, 1re session.|w(CaOODSP)9.503452
85640|qPDF|s4.49 Mo|uhttps://publications.gc.ca/collections/collection_2026/parl/xc50-1/XC50-1-1-451-3-fra.pdf
8564 |qHTML|sS.O.|uhttps://www.noscommunes.ca/documentviewer/fr/45-1/ENVI/rapport-3